000
00447nam a2200145Ia 4500
008
090124s9999 xx 000 0 und d
082
_b
28
245
_a
श्री नवनाथ भक्तिसार
250
_a
0
260
_b
कौशिक एम. के.
300
_a
501
630
_a
श्री नवनाथ भक्तिसार
730
_a
श्री नवनाथ भक्तिसार
942
_c
BOOK
999
_c
81505
_d
81505